[Event "Omsk op 12"]
[Site "Omsk"]
[Date "2013.12.03"]
[Round "2"]
[White "Afonin, Gennadi"]
[Black "Bogachkova, Alena"]
[Result "1/2-1/2"]
[WhiteElo "2017"]
[BlackElo "2142"]
[PlyCount "26"]
[EventDate "2013.12.01"]
[EventType "swiss"]
[EventRounds "9"]
[EventCountry "RUS"]
[SourceTitle "EXT 2016"]
[Source "ChessBase"]
[SourceDate "2015.10.08"]
[SourceVersion "1"]
[SourceVersionDate "2015.10.08"]
[SourceQuality "1"]

1. e4 c5 2. Nf3 Nc6 3. d4 cxd4 4. Nxd4 e5 5. Nb5 d6 6. N1c3 a6 7. Na3 b5 8. Nd5 Nce7 9. c4 Nxd5 10. cxd5 f5 11. exf5 Bxf5 12. Be2 Nf6 13. 0-0 Rc8 1/2-1/2